[Event "45th Sparkassen Open"]
[Site "Dortmund GER"]
[Date "2017.07.20"]
[Round "6.3"]
[White "Nalbandian, Tigran"]
[Black "Luft, Dennis"]
[Result "1-0"]
[WhiteTitle "GM"]
[WhiteElo "2458"]
[BlackElo "2219"]
[WhiteFideId "13300245"]
[BlackFideId "24623717"]
[EventDate "2017.07.15"]

1. Nf3 Nf6 2. g3 g6 3. Bg2 Bg7 4. O-O O-O 5. d3 d5 6. Nbd2 b6 7. e4 dxe4 8. dxe4
Bb7 9. Qe2 Nfd7 10. Rd1 e5 11. h4 Nc6 12. Nb3 Qe7 13. h5 Rfd8 14. h6 Bf6 15. Be3
Nf8 16. c3 a5 17. Rxd8 Rxd8 18. Rd1 Ba6 19. Qc2 Ne6 20. Bf1 Bxf1 21. Kxf1 Ng5
22. Rxd8+ Qxd8 23. Nbd2 Nxf3 24. Nxf3 Qd7 25. Ke2 Kf8 26. Qd3 Qxd3+ 27. Kxd3 Be7
28. Kc4 f6 29. Kb5 Nb8 30. b4 axb4 31. cxb4 Bd8 32. a4 c6+ 33. Kc4 Kf7 34. b5 c5
35. Kd5 g5 36. Nd2 Kg6 37. Kd6 Kxh6 38. a5 bxa5 39. Bxc5 Kg6 40. g4 h5 41. gxh5+
Kxh5 42. Ba7 g4 43. Bxb8 Bb6 44. Bc7 Bxf2 45. b6 g3 46. b7 g2 47. b8=Q Bc5+ 48.
Kxc5 g1=Q+ 49. Kb5 Qd4 50. Qh8+ Kg6 51. Qg8+ Kh6 52. Qd5 Qb4+ 53. Kc6 a4 54. Bd6
Qc3+ 55. Nc4 Kg6 56. Qe6 1-0

[Event "45th Sparkassen Open"]
[Site "Dortmund GER"]
[Date "2017.07.20"]
[Round "6.4"]
[White "Happe, Ulrich"]
[Black "Jugelt, Tobias"]
[Result "1/2-1/2"]
[BlackTitle "IM"]
[WhiteElo "2064"]
[BlackElo "2431"]
[WhiteFideId "24683175"]
[BlackFideId "4626150"]
[EventDate "2017.07.15"]

1. c4 c6 2. d4 d5 3. cxd5 cxd5 4. Nc3 Nf6 5. Bf4 e6 6. e3 Be7 7. Bd3 Qb6 8. Qe2
Bd7 9. Nf3 O-O 10. O-O Nc6 11. Rac1 Rfc8 12. a3 Na5 13. Ne5 Be8 14. b4 Nc6 15.
Qb2 Qd8 16. h3 Nxe5 17. Bxe5 Nd7 18. Bg3 Nb6 19. Qa2 Nc4 20. e4 b5 21. exd5 exd5
22. Rfe1 Bf6 23. Be5 Bxe5 24. dxe5 a5 25. bxa5 Rxa5 26. a4 bxa4 27. Nxd5 Rxd5
28. Bxc4 Rd2 29. Qa3 Rd4 30. Qa2 Rb8 31. e6 fxe6 32. Bxe6+ Kh8 33. Qa3 Qf6 34.
Rc5 Rf4 35. Bc8 Bc6 36. Re6 Qd4 37. Rcxc6 Qxf2+ 38. Kh2 Rf8 39. Qxa4 Rb1 40. Ba6
Qg1+ 41. Kg3 Qf2+ 42. Kh2 Qg1+ 43. Kg3 Qf2+ 1/2-1/2

[Event "45th Sparkassen Open"]
[Site "Dortmund GER"]
[Date "2017.07.20"]
[Round "6.5"]
[White "Podzielny, Karl-Heinz"]
[Black "Osipiak, Grzegorz"]
[Result "0-1"]
[WhiteTitle "IM"]
[WhiteElo "2395"]
[BlackElo "2338"]
[WhiteFideId "4600215"]
[BlackFideId "1109154"]
[EventDate "2017.07.15"]

1. c4 Nf6 2. Nc3 g6 3. e4 d6 4. d4 Bg7 5. Be2 O-O 6. Nf3 e5 7. O-O Nc6 8. d5 Ne7
9. b4 Nh5 10. g3 f5 11. Ng5 Nf6 12. Bf3 c6 13. Ba3 h6 14. Ne6 Bxe6 15. dxe6 fxe4
16. Nxe4 Nf5 17. b5 Ne8 18. Bg4 c5 19. Nc3 Nc7 20. Bf3 e4 21. Nxe4 Bxa1 22. Qxa1
Nxe6 23. Nc3 Qd7 24. Bd5 Kh7 25. h4 Ned4 26. Qb1 Nxh4 27. f4 Qg4 28. Qd3 Rae8
29. Kh2 Nhf5 30. Ne4 b6 31. Rf2 Re7 32. Bb2 Kg7 33. Bc6 h5 34. Qf3 Qxf3 35. Rxf3
Kh6 0-1

[Event "45th Sparkassen Open"]
[Site "Dortmund GER"]
[Date "2017.07.20"]
[Round "6.6"]
[White "Kashlinskaya, Alina"]
[Black "Koellner, Ruben Gideon"]
[Result "1-0"]
[WhiteTitle "IM"]
[WhiteElo "2438"]
[BlackElo "2078"]
[WhiteFideId "4198026"]
[BlackFideId "12993093"]
[EventDate "2017.07.15"]

1. d4 d6 2. Nf3 Nf6 3. c4 g6 4. Nc3 Bf5 5. d5 e5 6. dxe6 Bxe6 7. Nd4 Bd7 8. e4
Bg7 9. Be2 O-O 10. O-O Nc6 11. Be3 Re8 12. f3 Qe7 13. Qd2 a6 14. Nc2 Ne5 15. Bg5
Be6 16. Ne3 Qd8 17. f4 Nc6 18. f5 Bd7 19. fxg6 fxg6 20. Ned5 Rf8 21. Rxf6 Rxf6
22. e5 1-0

[Event "45th Sparkassen Open"]
[Site "Dortmund GER"]
[Date "2017.07.20"]
[Round "6.7"]
[White "Holtel, Jasper"]
[Black "Schleining, Zoya"]
[Result "0-1"]
[WhiteTitle "FM"]
[BlackTitle "IM"]
[WhiteElo "2229"]
[BlackElo "2369"]
[WhiteFideId "12956376"]
[BlackFideId "4671660"]
[EventDate "2017.07.15"]

1. e4 c6 2. d4 d5 3. e5 Bf5 4. Nf3 e6 5. Be2 Ne7 6. O-O Ng6 7. c4 Nd7 8. Nc3 f6
9. cxd5 exd5 10. Bd3 Bxd3 11. Qxd3 fxe5 12. dxe5 Be7 13. Qf5 Qc7 14. e6 Nf6 15.
Ng5 O-O 16. Qh3 Nf4 17. Bxf4 Qxf4 18. Nf7 Rae8 19. Rae1 Bc5 20. Ne2 Qg4 21. Qxg4
Nxg4 22. Ng3 g6 23. h3 Nf6 24. Kh1 Kg7 25. f4 h5 26. Ng5 h4 27. Ne2 Ne4 28. Nxe4
dxe4 29. Nc3 Rxe6 30. Rxe4 Rfe8 31. Rfe1 Rxe4 32. Rxe4 Rxe4 33. Nxe4 Be3 34. Nd6
b5 35. f5 a6 36. fxg6 Kxg6 37. g3 hxg3 38. Kg2 Bd4 39. b3 c5 40. a4 c4 41. axb5
c3 42. b6 c2 43. b7 Ba7 0-1

[Event "45th Sparkassen Open"]
[Site "Dortmund GER"]
[Date "2017.07.20"]
[Round "6.8"]
[White "Bomans, Arno"]
[Black "Tueckmantel, Rene"]
[Result "1/2-1/2"]
[WhiteTitle "FM"]
[WhiteElo "2250"]
[BlackElo "2130"]
[WhiteFideId "206024"]
[BlackFideId "24618012"]
[EventDate "2017.07.15"]

1. e4 e5 2. Nf3 Nc6 3. Bb5 a6 4. Bxc6 dxc6 5. O-O f6 6. d4 exd4 7. Nxd4 c5 8.
Ne2 Qxd1 9. Rxd1 Bd7 10. Nbc3 Bd6 11. Bf4 Bxf4 12. Nxf4 Ne7 13. Rd2 O-O-O 14.
Rad1 Nc6 15. f3 Rhe8 16. Nh5 Re7 17. Nd5 Rf7 18. Ne3 g6 19. Nf4 f5 20. exf5 Bxf5
21. Rxd8+ Nxd8 22. Nxf5 Rxf5 23. Nd5 Nc6 24. Kf2 Rf7 25. h4 Ne5 26. Re1 Nc4 27.
b3 Nd6 28. Re6 Nf5 29. h5 gxh5 30. Rf6 Rxf6 31. Nxf6 c4 32. bxc4 Kd8 33. Ke2 Ke7
34. Nxh5 Kd6 35. Nf6 h6 36. Ng4 Kc5 37. c3 Kxc4 38. Ne3+ Nxe3 39. Kxe3 Kd5 40.
g4 c5 41. f4 b5 42. Kd3 Kd6 43. Ke4 Ke6 44. a3 a5 45. Kd3 Kf6 46. Ke4 Ke6 47.
Kd3 Kf6 48. Ke3 Ke7 49. Ke4 Ke6 50. Kd3 Kf6 1/2-1/2

[Event "45th Sparkassen Open"]
[Site "Dortmund GER"]
[Date "2017.07.20"]
[Round "6.9"]
[White "Wagner, Alexej"]
[Black "Meiser, Markus"]
[Result "1/2-1/2"]
[WhiteElo "2277"]
[BlackElo "2145"]
[WhiteFideId "4129555"]
[BlackFideId "4617827"]
[EventDate "2017.07.15"]

1. d4 Nf6 2. c4 g6 3. Nc3 d5 4. cxd5 Nxd5 5. Na4 Bg7 6. e4 Nb6 7. Be3 O-O 8. Nf3
Nxa4 9. Qxa4 c5 10. Be2 Bd7 11. Qa3 cxd4 12. Bxd4 Bxd4 13. Nxd4 Nc6 14. Rd1 Qb6
15. Nb5 Bg4 16. Bxg4 Qxb5 17. Be2 Qe5 18. O-O Qxe4 19. Bf3 Qb4 20. Qxb4 Nxb4 21.
Bxb7 Rab8 22. Rd7 e6 23. a3 Nd3 24. b4 Ne5 25. Rc7 Rfd8 26. Ba6 Rd7 27. Rfc1
Rbd8 28. f4 Ng4 29. Be2 Nf6 30. Bf3 Nd5 31. Bxd5 exd5 32. Kf2 d4 33. Rxd7 Rxd7
34. b5 Re7 35. Rc8+ Kg7 36. Rd8 Re3 37. a4 Re4 38. Rd7 d3 39. a5 Rxf4+ 40. Ke3
Rf5 41. Rxa7 Rxb5 42. Kxd3 Rb2 43. Rc7 Ra2 44. Rc5 h5 45. Kc3 Rxg2 46. Kb3 Rxh2
47. a6 Re2 48. Kb4 Re8 49. Kb5 h4 50. Kb6 h3 51. Rc3 h2 52. Rc1 Re6+ 53. Kb7 g5
54. Rh1 Re7+ 55. Kb6 Re2 56. a7 Ra2 57. Kb7 f5 58. Rxh2 Rxa7+ 59. Kxa7 Kf6 60.
Kb6 Ke5 61. Kc5 g4 62. Re2+ Kf4 63. Kd5 g3 64. Ra2 Kf3 65. Ke5 g2 66. Rxg2 1/2-1/2

[Event "45th Sparkassen Open"]
[Site "Dortmund GER"]
[Date "2017.07.20"]
[Round "6.10"]
[White "Van Cappellen, Jonas"]
[Black "Wilke, Werner"]
[Result "1-0"]
[WhiteElo "2141"]
[BlackElo "2225"]
[WhiteFideId "263796"]
[BlackFideId "1600826"]
[EventDate "2017.07.15"]

1. d4 Nf6 2. c4 c5 3. d5 e5 4. Nc3 d6 5. e4 Be7 6. g3 Na6 7. Bg2 Nc7 8. Nge2 Bg4
9. O-O Qc8 10. f4 exf4 11. gxf4 O-O 12. Qd3 Nh5 13. Ng3 Bf6 14. e5 dxe5 15. Nxh5
Bxh5 16. Ne4 Ne8 17. Nxf6+ gxf6 18. fxe5 fxe5 19. Bh6 Ng7 20. Bxg7 Kxg7 21. Qg3+
Qg4 22. Qxe5+ f6 23. Qe7+ Rf7 24. Qxc5 Rc8 25. Qxa7 Rxc4 26. Qf2 Qc8 27. Qe3 Qd8
28. Rac1 Rg4 29. Rf4 Rg5 30. Qd4 Qd6 31. Kh1 Bg6 32. Rcf1 Re5 33. R4f2 Rh5 34.
Qf4 Qc5 35. b4 Qb5 36. Qd4 Re5 37. Rxf6 Qe2 38. Rxf7+ Bxf7 39. d6 Kh6 40. Rxf7 1-0

[Event "45th Sparkassen Open"]
[Site "Dortmund GER"]
[Date "2017.07.20"]
[Round "6.11"]
[White "Groneberg, Joerg"]
[Black "Zill, Christoph"]
[Result "0-1"]
[BlackTitle "FM"]
[WhiteElo "1973"]
[BlackElo "2213"]
[WhiteFideId "12941638"]
[BlackFideId "4688856"]
[EventDate "2017.07.15"]

1. d4 e6 2. c4 Bb4+ 3. Bd2 Bxd2+ 4. Qxd2 Nf6 5. Nc3 d6 6. Nf3 Nc6 7. e4 e5 8. d5
Ne7 9. Be2 Ng6 10. O-O O-O 11. Rfd1 h6 12. Ne1 Nh7 13. b4 f5 14. f3 Nf4 15. Nd3
fxe4 16. fxe4 Qg5 17. Nxf4 Rxf4 18. Bf3 Qg6 19. Rf1 Ng5 20. Qe2 Nxf3+ 21. Rxf3
Bg4 22. Rg3 Bxe2 23. Rxg6 Bxc4 24. Rg3 Raf8 25. h3 Rf1+ 26. Rxf1 Rxf1+ 27. Kh2
b5 28. Rf3 Rc1 29. Kg3 Rc2 30. h4 g6 31. a3 Kg7 32. Kh3 Rc1 33. a4 a6 34. g3 Rc2
35. axb5 axb5 36. Kg4 Rb2 37. h5 Rxb4 38. hxg6 Kxg6 39. Re3 Rb2 40. Kf3 b4 41.
Nd1 Rd2 42. Re1 b3 43. Ke3 b2 44. Nxb2 Rxb2 45. Rc1 Rb3+ 46. Kf2 Bd3 47. Ke3
Bb1+ 0-1

[Event "45th Sparkassen Open"]
[Site "Dortmund GER"]
[Date "2017.07.20"]
[Round "6.12"]
[White "Gijsen, Stief"]
[Black "Boesel, Alexander"]
[Result "1/2-1/2"]
[WhiteElo "2194"]
[BlackElo "1963"]
[WhiteFideId "207535"]
[BlackFideId "4623185"]
[EventDate "2017.07.15"]

1. e4 c5 2. Nf3 d6 3. Bb5+ Nd7 4. O-O a6 5. Bd3 e6 6. c3 b5 7. Bc2 Bb7 8. d4
cxd4 9. cxd4 e5 10. Qe2 Ngf6 11. a4 Be7 12. Bd2 O-O 13. Bc3 Qc7 14. axb5 axb5
15. Na3 Ba6 16. Bd3 Qb7 17. Bb4 Rfe8 18. Nxb5 exd4 19. Nfxd4 Ne5 20. Bxd6 Bxd6
21. Nxd6 Bxd3 22. Nxb7 Bxe2 23. Nxe2 Nxe4 24. Rxa8 Rxa8 25. Ng3 Nxg3 26. hxg3
Rb8 27. Nd6 Rxb2 28. Re1 Ng6 29. Re8+ Nf8 30. Re7 Rd2 31. Nxf7 Nd7 32. Ng5 Rd1+
33. Kh2 Kf8 34. Rf7+ Kg8 35. Re7 Kf8 36. Re2 h6 37. Ne6+ Kf7 38. f3 Nf6 39. Nf4
Nd5 40. Nh3 Kf6 41. g4 Ra1 42. Kg3 Ra3 43. Rb2 Ra6 44. Rb5 Rd6 45. Rc5 Ne7 46.
Nf4 g6 47. Nh3 Ra6 48. Nf2 Rb6 49. Ra5 Ke6 50. Ne4 Rc6 51. Ra8 Kf7 52. Rd8 Rb6
53. Kf4 Rc6 54. Rb8 Ra6 55. Rb7 Rc6 56. Ra7 Rb6 57. Ra8 Rc6 58. g5 hxg5+ 59.
Kxg5 Rb6 60. Ra7 Rb5+ 61. Kg4 Rb6 62. Kf4 Rc6 63. Ke5 Re6+ 64. Kd4 Rb6 65. Nc3
Rd6+ 66. Ke5 Rd2 67. g4 Rd3 68. Rc7 Rd2 69. Ne4 Rd5+ 70. Kf4 Ra5 71. Nc5 Kf6 72.
Nd7+ Ke6 73. Nf8+ Kf6 74. g5+ Kf7 75. Nxg6 Kxg6 76. Rxe7 Rf5+ 77. Ke4 Rxg5 78.
f4 Ra5 79. Re6+ Kf7 80. Rb6 Rc5 81. Kf3 Ra5 82. Kg4 Rc5 83. f5 Rc1 84. Kf4 1/2-1/2

[Event "45th Sparkassen Open"]
[Site "Dortmund GER"]
[Date "2017.07.20"]
[Round "6.13"]
[White "Lehmann, Holger"]
[Black "Ramien, David"]
[Result "0-1"]
[WhiteElo "2188"]
[BlackElo "2070"]
[WhiteFideId "4620275"]
[BlackFideId "12948241"]
[EventDate "2017.07.15"]

1. e4 c5 2. Ne2 Nc6 3. c4 Nf6 4. Nbc3 e6 5. a3 d5 6. d4 Nxe4 7. Nxe4 dxe4 8. d5
Ne5 9. Nc3 f5 10. Be2 Be7 11. O-O O-O 12. Re1 Bf6 13. Rb1 Nf7 14. dxe6 Bxe6 15.
Qb3 b6 16. Bf1 Bd4 17. Be3 Ne5 18. Rbd1 Nc6 19. Ne2 Qf6 20. Qa4 Bf7 21. b4 Bxe3
22. fxe3 Bxc4 23. Nf4 Bxf1 24. Rxf1 Ne5 25. bxc5 bxc5 26. Rd5 c4 27. Rc5 Rad8
28. Qb5 Rfe8 29. Nh5 Qe6 30. Nf4 Qd6 31. Rd5 Qe7 32. Ne2 g6 33. Rfd1 Rxd5 34.
Rxd5 Ng4 35. Rd7 Qe6 36. Nf4 Qb6 37. Qd5+ Kh8 38. Qd4+ Qxd4 39. Rxd4 Nxe3 40. h3
c3 0-1

[Event "45th Sparkassen Open"]
[Site "Dortmund GER"]
[Date "2017.07.20"]
[Round "6.14"]
[White "Kartsev, Nikolaj"]
[Black "Goossens, Hanne"]
[Result "0-1"]
[BlackTitle "WFM"]
[WhiteElo "1827"]
[BlackElo "2175"]
[WhiteFideId "12939536"]
[BlackFideId "200468"]
[EventDate "2017.07.15"]

1. e4 c5 2. c3 Nf6 3. e5 Nd5 4. d4 cxd4 5. cxd4 e6 6. Nf3 b6 7. Nc3 Nxc3 8. bxc3
Qc7 9. Bb2 d6 10. Bd3 Nd7 11. O-O dxe5 12. Nxe5 Nxe5 13. dxe5 Qxe5 14. Re1 Qc7
15. Qf3 Rb8 16. Bb5+ Bd7 17. Bxd7+ Qxd7 18. Rad1 Qb7 19. Qh5 Qc6 20. Rd3 Bc5 21.
Qe5 O-O 22. Rh3 Qd5 23. c4 Qxe5 24. Rxe5 Rbd8 25. g3 Rd1+ 26. Kg2 Rd2 27. Bc3
Rxf2+ 28. Kh1 Rd8 29. Re1 Rxa2 0-1

[Event "45th Sparkassen Open"]
[Site "Dortmund GER"]
[Date "2017.07.20"]
[Round "6.15"]
[White "Heinert, Eugen"]
[Black "Melde, Benjamin"]
[Result "1-0"]
[WhiteElo "2168"]
[BlackElo "1912"]
[WhiteFideId "24621390"]
[BlackFideId "12958816"]
[EventDate "2017.07.15"]

1. e4 c5 2. Nf3 d6 3. Bb5+ Bd7 4. Bxd7+ Nxd7 5. c4 Ngf6 6. Nc3 g6 7. d4 cxd4 8.
Nxd4 Bg7 9. Be3 O-O 10. f3 a5 11. Rc1 Nc5 12. b3 Nfd7 13. O-O f5 14. exf5 gxf5
15. Bg5 Bf6 16. Bxf6 Rxf6 17. Nd5 Rf7 18. Re1 Ne5 19. Rc3 e6 20. Nf4 Qf6 21.
Rce3 Re8 22. Nb5 Rd7 23. Qd4 Qg7 24. Kh1 b6 25. g3 Red8 26. Kg2 Kf7 27. R1e2 Ke7
28. a3 Rg8 29. b4 Qg5 30. Nh3 Qh5 31. bxc5 bxc5 32. Qf4 Kd8 33. Nxd6 Rxd6 34.
Qxe5 Kd7 35. Nf4 1-0

[Event "45th Sparkassen Open"]
[Site "Dortmund GER"]
[Date "2017.07.20"]
[Round "6.16"]
[White "Wiebe, Patrick"]
[Black "Fuhlrott, Tim"]
[Result "1-0"]
[WhiteElo "2229"]
[BlackElo "1856"]
[WhiteFideId "4684079"]
[BlackFideId "16222431"]
[EventDate "2017.07.15"]

1. Nf3 c5 2. g3 Nc6 3. d4 cxd4 4. Nxd4 Nf6 5. Bg2 g6 6. O-O Bg7 7. c4 Nxd4 8.
Qxd4 d6 9. Nc3 O-O 10. Qd2 Be6 11. Bxb7 Rb8 12. Bd5 Nxd5 13. Nxd5 Bf5 14. Re1 e6
15. Nc3 Qc7 16. e4 Bh3 17. b3 f5 18. Bb2 Bxc3 19. Bxc3 fxe4 20. Rxe4 Qb7 21.
Rae1 Rf3 22. Qh6 Bf5 23. R4e3 e5 24. Rxf3 Qxf3 25. Qe3 Qxe3 26. Rxe3 Rc8 27. Bb4
Rc6 28. Kf1 Kf7 29. Ke1 Ke6 30. Kd2 h5 31. Bc3 e4 32. Bd4 a6 33. Kc3 d5 34. c5
a5 35. Re1 Kd7 36. Be3 Re6 37. Kd4 Kc6 38. Bd2 Re7 39. Bxa5 h4 40. Bd2 hxg3 41.
hxg3 Rh7 42. a4 Rh2 43. Be3 Rh7 44. b4 Ra7 45. Ra1 1-0

[Event "45th Sparkassen Open"]
[Site "Dortmund GER"]
[Date "2017.07.20"]
[Round "6.17"]
[White "Wuebker, Paul-Luca"]
[Black "Koellner, Christof"]
[Result "1-0"]
[WhiteElo "2042"]
[BlackElo "2131"]
[WhiteFideId "12939528"]
[BlackFideId "4635787"]
[EventDate "2017.07.15"]

1. d4 d6 2. e4 Nf6 3. Nc3 e5 4. d5 Be7 5. f3 c6 6. Be3 Qa5 7. a3 O-O 8. Ne2 cxd5
9. exd5 Nh5 10. g4 Bh4+ 11. Kd2 Nf6 12. Kc1 Na6 13. Ng3 Qd8 14. Nf5 Bxf5 15.
gxf5 Nc7 16. Rg1 Kh8 17. Bc4 Qd7 18. Ne4 b5 19. Bb3 Ng8 20. Rg4 Bd8 21. Ng3 Nf6
22. c3 Nxg4 23. fxg4 Ne8 24. Kb1 Qe7 25. g5 Qd7 26. Qh5 g6 27. Qh6 Rg8 28. f6
Nxf6 29. gxf6 Bxf6 30. Ne4 Bg7 31. Qh4 f5 32. Nf6 Bxf6 33. Qxf6+ Qg7 34. Qxd6 f4
35. Bf2 Rgd8 36. Qb4 g5 37. h3 Qd7 38. Qe4 Qd6 39. Ka2 a5 40. Rd1 Rd7 41. a4
bxa4 42. Bxa4 Rc7 43. c4 Rac8 44. Rc1 h5 45. c5 Qf6 46. d6 Rg7 47. Rd1 Rb8 48.
d7 Rgg8 49. Rd6 Rb4 50. Qxb4 Qxd6 51. cxd6 axb4 52. Bb6 g4 53. hxg4 h4 54. Bc6
h3 55. d8=Q Rxd8 56. Bxd8 Kg7 57. Bh4 h2 58. d7 e4 59. Bxe4 f3 1-0

[Event "45th Sparkassen Open"]
[Site "Dortmund GER"]
[Date "2017.07.20"]
[Round "6.18"]
[White "Finke, Dominik"]
[Black "Heller, Achim"]
[Result "1-0"]
[WhiteElo "1987"]
[BlackElo "2118"]
[WhiteFideId "16202511"]
[BlackFideId "12901300"]
[EventDate "2017.07.15"]

1. e4 c6 2. d4 d5 3. Nd2 dxe4 4. Nxe4 Bf5 5. Ng3 Bg6 6. h4 h6 7. Nf3 e6 8. Ne5
Bh7 9. Bd3 Bxd3 10. Qxd3 Nd7 11. Bf4 Ngf6 12. O-O-O Nxe5 13. Bxe5 Be7 14. c4 O-O
15. Ne4 b5 16. Nxf6+ Bxf6 17. cxb5 Bxe5 18. dxe5 Qb6 19. bxc6 Rab8 20. Qc2 Rfc8
21. Rd6 g6 22. Kb1 Rc7 23. Rc1 Rbc8 24. Qc5 Qa6 25. Rc4 Kg7 26. b3 Kg8 27. Kb2
Kg7 28. a4 Rb8 29. Ka3 Qc8 30. b4 a6 31. Kb3 Qe8 32. b5 axb5 33. axb5 Qc8 34.
Ra4 Rcb7 35. Rb4 Rb6 36. Rd7 Qf8 37. Kc4 Qe8 38. Qd6 Ra8 39. Kc5 Rbb8 40. Qe7
Qg8 41. Qf6+ 1-0

[Event "45th Sparkassen Open"]
[Site "Dortmund GER"]
[Date "2017.07.20"]
[Round "6.19"]
[White "Althoff, Ralph"]
[Black "Garbuz, Vitaliy"]
[Result "1-0"]
[WhiteElo "2071"]
[BlackElo "1989"]
[WhiteFideId "4623177"]
[BlackFideId "12990710"]
[EventDate "2017.07.15"]

1. e4 c5 2. Nf3 e6 3. d4 cxd4 4. Nxd4 Nc6 5. Nc3 Qc7 6. Be2 a6 7. O-O Nf6 8. Bg5
Be7 9. Kh1 Ng4 10. Bxg4 Bxg5 11. Re1 O-O 12. Qd3 Qf4 13. Nxc6 dxc6 14. Qg3 Qxg3
15. hxg3 e5 16. Bxc8 Raxc8 17. Na4 Rcd8 18. Red1 Be7 19. Kg1 Rd4 20. Rxd4 exd4
21. b3 Ba3 22. Nb6 Rd8 23. Rd1 Bb4 24. Kf1 Kf8 25. Ke2 Ke7 26. Rh1 h6 27. Rh5
Bd6 28. Kd3 Bc7 29. Nc4 Ke6 30. f4 b5 31. Nd2 f6 32. Nf3 Bb6 33. e5 fxe5 34.
Rxe5+ Kf6 35. Ke4 Rd6 36. g4 c5 37. g5+ hxg5 38. Rxg5 Re6+ 39. Ne5 Bd8 40. Rg6+
Ke7 41. Rxg7+ Ke8 42. f5 Rh6 43. Kd5 1-0

[Event "45th Sparkassen Open"]
[Site "Dortmund GER"]
[Date "2017.07.20"]
[Round "6.20"]
[White "Stevens, Titus"]
[Black "Ambartsumjan, Evgeny"]
[Result "1-0"]
[WhiteElo "1841"]
[BlackElo "2122"]
[WhiteFideId "16214331"]
[BlackFideId "34140643"]
[EventDate "2017.07.15"]

1. Nf3 Nf6 2. c4 c5 3. Nc3 e6 4. g3 b6 5. Bg2 Bb7 6. O-O Be7 7. d4 cxd4 8. Qxd4
Nc6 9. Qd3 O-O 10. e4 d6 11. Rd1 a6 12. Bf4 d5 13. cxd5 Nb4 14. Qe2 Nxe4 15.
Nxe4 Nxd5 16. Be3 h6 17. Rac1 Rc8 18. Bd4 Rxc1 19. Rxc1 Qa8 20. Ne1 Rd8 21. Qg4
g6 22. Be5 h5 23. Qe2 Bc6 24. Nf6+ Bxf6 25. Bxf6 Nxf6 26. Rxc6 Qb8 27. Nd3 Qa7
28. Nf4 b5 29. Nxg6 Kg7 30. Nf4 Rh8 31. Qe5 Rh6 32. Qg5+ Kh7 33. Rc8 Qd7 34.
Be4+ Rg6 35. Bxg6+ 1-0

[Event "45th Sparkassen Open"]
[Site "Dortmund GER"]
[Date "2017.07.20"]
[Round "6.21"]
[White "Kartsev, Soel"]
[Black "Hartung, Thomas2"]
[Result "1-0"]
[WhiteElo "2220"]
[BlackElo "1979"]
[WhiteFideId "4130561"]
[BlackFideId "4639146"]
[EventDate "2017.07.15"]

1. e4 e5 2. Nf3 Nc6 3. Bb5 a6 4. Ba4 Nf6 5. d3 b5 6. Bb3 Bc5 7. O-O O-O 8. c3
Ba7 9. Bg5 h6 10. Bh4 g5 11. Nxg5 hxg5 12. Bxg5 Kg7 13. Kh1 Bc5 14. f4 Be7 15.
Bxf6+ Bxf6 16. Qg4+ Kh8 17. Rf3 Bg7 18. Rh3+ Kg8 19. Qh5 Re8 20. Qxf7# 1-0

[Event "45th Sparkassen Open"]
[Site "Dortmund GER"]
[Date "2017.07.20"]
[Round "6.22"]
[White "Hiller, Simon"]
[Black "Schuelke, Tilman"]
[Result "1-0"]
[WhiteElo "2165"]
[BlackElo "1973"]
[WhiteFideId "24641308"]
[BlackFideId "4647475"]
[EventDate "2017.07.15"]

1. Nf3 d5 2. c4 c6 3. g3 Nf6 4. Bg2 Bf5 5. cxd5 cxd5 6. Qb3 Qc8 7. Nc3 e6 8. d3
Nc6 9. O-O h6 10. Bf4 g5 11. Bd2 Be7 12. Rac1 Qd7 13. Nb5 Bg4 14. Nbd4 Bxf3 15.
Nxf3 Nh7 16. e3 O-O 17. h3 Bf6 18. Ne1 Rac8 19. Qa3 a6 20. d4 Be7 21. Qb3 Rc7
22. Nd3 Rfc8 23. Rfd1 Bd6 24. Nc5 Qe7 25. Qd3 Ra8 26. Qe2 Nf6 27. Be1 Nd8 28.
Nd3 Rac8 29. Rxc7 Rxc7 30. f3 Nc6 31. Bf1 Kg7 32. Rc1 Nb8 33. Rc2 Rxc2 34. Qxc2
Nc6 35. a3 Qc7 36. g4 Bg3 37. Bxg3 Qxg3+ 38. Qg2 Qc7 39. Qc2 a5 40. Kg2 Qd6 41.
Qc5 Qb8 42. Nf2 Nd7 43. Qc3 Nf8 44. Nh1 Ng6 45. Ng3 Nh4+ 46. Kf2 Kg6 47. Qc5 f6
48. b4 axb4 49. axb4 Kf7 50. b5 Ne7 51. b6 Qa8 52. Qc7 Qa2+ 53. Be2 Qa8 54. Nf1
f5 55. Ng3 f4 56. exf4 Ng6 57. f5 Nf4 58. fxe6+ Kxe6 59. h4 Qh8 60. Qc3 Nc6 61.
Qe3+ Kd7 62. Bb5 Qf6 63. Nf5 Qe6 64. h5 Qf6 65. Qa3 Nxh5 66. Kf1 Nf4 67. Qa8 Ke6
68. Qc8+ Kf7 69. Qxb7+ Ne7 70. Qxe7+ 1-0

[Event "45th Sparkassen Open"]
[Site "Dortmund GER"]
[Date "2017.07.20"]
[Round "6.23"]
[White "Mittelbachert, Ulrich"]
[Black "Buechle, Manfred"]
[Result "1/2-1/2"]
[WhiteElo "1978"]
[BlackElo "2118"]
[WhiteFideId "4634470"]
[BlackFideId "4659368"]
[EventDate "2017.07.15"]

1. Nf3 c5 2. g3 Nf6 3. Bg2 d5 4. O-O e6 5. c4 Be7 6. d3 Nc6 7. cxd5 exd5 8. Nbd2
O-O 9. h3 Qc7 10. a3 h6 11. e4 dxe4 12. dxe4 Be6 13. Re1 Rad8 14. e5 Nd5 15. Qc2
b5 16. Kh2 a5 17. Nf1 a4 18. Bd2 Nb6 19. Bf4 Nc4 20. h4 Nd4 21. Nxd4 Rxd4 22.
Qe2 Qd7 23. Be3 Nxe3 24. Qxe3 Rd8 25. Be4 Bc4 26. Bc2 Qg4 27. f3 Qh5 28. f4 Bxf1
29. Rxf1 Bxh4 30. Rf2 Be7+ 31. Kg2 Qg4 32. Rh1 Qd7 33. Re1 Rd2 34. Ree2 Rxe2 35.
Rxe2 Qd4 36. Kf3 Qxe3+ 37. Kxe3 Rd7 38. Be4 Rc7 39. Bc2 Kf8 40. Ke4 Ke8 41. Rd2
Ra7 42. Rd3 b4 43. Rf3 Kd7 44. Kd5 Kc7 45. Kc4 Kb6 46. Be4 Rd7 47. Bd5 f5 48.
Rd3 g5 49. Be6 Rxd3 50. Kxd3 gxf4 51. gxf4 Bh4 52. axb4 cxb4 53. Bxf5 a3 54.
bxa3 bxa3 55. Be6 Bg3 56. Ke4 h5 57. Kf3 h4 58. Ba2 Kc5 59. Kg4 Kc6 60. Be6 Kc7
61. Bd5 Kd8 62. Ba2 Ke7 63. e6 Kf6 64. f5 Be1 1/2-1/2

[Event "45th Sparkassen Open"]
[Site "Dortmund GER"]
[Date "2017.07.20"]
[Round "6.24"]
[White "Boecker, Juergen"]
[Black "Sandten, Ulrich"]
[Result "0-1"]
[WhiteElo "1930"]
[BlackElo "2064"]
[WhiteFideId "12915904"]
[BlackFideId "4644930"]
[EventDate "2017.07.15"]

1. e4 d6 2. Nc3 e5 3. Nf3 Nf6 4. d4 exd4 5. Qxd4 Be7 6. Bg5 O-O 7. O-O-O Be6 8.
Kb1 c5 9. Qd2 Nc6 10. Bf4 a6 11. Bxd6 Bxd6 12. Qxd6 Qa5 13. Bd3 Rfd8 14. Qf4 Nb4
15. a3 Nxd3 16. Rxd3 Rxd3 17. cxd3 b5 18. e5 Nd5 19. Nxd5 Bxd5 20. Ng5 b4 21.
Qf5 g6 22. Qh3 h5 23. e6 bxa3 24. exf7+ Bxf7 25. Nxf7 Qb4 26. Nh6+ Kh7 0-1